| 000 | 00724nam a2200229 a 4500 | ||
|---|---|---|---|
| 001 | 12807 | ||
| 003 | BD-JhCC | ||
| 005 | 20230514200057.0 | ||
| 008 | 230514b19682018ii |||| ||a| 00| 0 ben d | ||
| 020 | _a9788170664918 | ||
| 035 | _a(BD-JhCC)12807 | ||
| 040 |
_aBD-JhCC _dBD-JhCC |
||
| 041 | _aBengali | ||
| 082 |
_a891.443 _bGAN 2018 |
||
| 100 | _aগঙ্গোপাধ্যায়, সুনীল | ||
| 245 |
_aঅরণ্যের দিনরাত্রি / _cসুনীল গঙ্গোপাধ্যায়। |
||
| 260 |
_aকলকতা: _bআনন্দ পাবলিশার্স ; _c২০১৮. |
||
| 300 |
_a120 p. : _c22 cm. |
||
| 650 | _aNovel | ||
| 942 |
_2ddc _cBK |
||
| 999 |
_c12807 _d12807 |
||